Shades of freedom (Record no. 3621)

MARC details
000 -LEADER
fixed length control field 00393nam a22001457a 4500
008 - FIXED-LENGTH DATA ELEMENTS--GENERAL INFORMATION
fixed length control field 250522b |||||||| |||| 00| 0 eng d
020 ## - INTERNATIONAL STANDARD BOOK NUMBER
ISBN 0195038223
100 ## - MAIN ENTRY--AUTHOR
Author Higginbotham, Leon.A
245 ## - TITLE STATEMENT
Title Shades of freedom
260 ## - PUBLICATION, DISTRIBUTION, ETC. (IMPRINT)
Place of publication Oxford
Name of publisher Oxford university press
Date of publication 1996
300 ## - COLLATION
Pagination xv,304 p.
Other physical details ill.
650 ## - TRACINGS
Main Subject Afro-Americans- legal status, laws
942 ## - ADDED ENTRY ELEMENTS (KOHA)
Item type Books
050 ## - LIBRARY OF CONGRESS CALL NUMBER
Classification number KF4757.H54
Item number .H54
Holdings
Source of classification or shelving scheme Not for loan Permanent location Current location Date acquired Accession No. Full call number Barcode. Koha item type
Library of Congress Classification   Law Library Law Library 05/22/2025 2017/481199 KF4757.H54 2025-2098 Books
Library of Congress Classification   Law Library Law Library 05/22/2025 2017/481199 KF4757.H54 2025-2099 Books